000 01047nam a2200277Ia 4500
003 OSt
005 20221005105740.0
006 a|||||r|||| 00| 0
007 ta
008 221004b |||||||| |||| 00| 0 hin d
020 _c400
024 _a23429
037 _b213, 16/11/2015, Eastern Book Linkers
_cTextual
040 _aCRL
_cCRL
_bhin
041 _2hin
_ahin
082 _aQ41x1,1, 152P8
100 _aकाश्यप, भिक्खु जगदीश, अनु.
_9159149
245 0 _aमिलिन्दपंह
_b मिलिन्द प्रश्न
246 _aMilindapanha: milinda prashna
260 _aनई दिल्ली
_bसम्यक प्रकाशन भारत
_c2008
300 _a407पृ0
_ccm.
490 _aतिपिटक ग्रंथमाला
650 _aधर्म
942 _hQ41x1,1, 152P8
_cTEXL
_2cc
999 _c1016791
_d1016791